|
|
|
|
| LEADER |
00000cam a2200000 a 4500 |
| 001 |
vtls011729009 |
| 003 |
SK-MaSNL |
| 005 |
20260301045546.0 |
| 008 |
200316s2017 xo d f 001 0 slo |
| 015 |
|
|
|a SNBA2018
|
| 020 |
|
|
|a 9788022416108
|q (viaz.)
|
| 035 |
|
|
|a urn:nbn:sk:snk-am00dgct
|
| 035 |
|
|
|a urn:nbn:sk:snk-am3i1cv
|
| 035 |
|
|
|a B00A5429-02B4-4B4B-977A-66C0686E2734
|
| 040 |
|
|
|a SNK
|b slo
|c SNK
|e AACR2
|
| 041 |
0 |
|
|a slo
|
| 044 |
|
|
|a xo
|c SK
|
| 072 |
|
7 |
|a 521
|x Teoretická astronómia. Nebeská mechanika
|2 konspekt
|
| 080 |
|
|
|a 521.1
|2 2011
|
| 080 |
|
|
|a (048.8)
|2 2011
|
| 100 |
1 |
|
|a Neslušan, Luboš,
|d 1960-
|4 aut
|9 176547
|
| 245 |
1 |
0 |
|a Elementárny úvod do nebeskej mechaniky
|c Luboš Neslušan
|
| 250 |
|
|
|a 1. vyd.
|
| 260 |
|
|
|a Bratislava
|b Veda
|c 2017
|
| 300 |
|
|
|a 333 s.
|b grafy
|c 24 cm
|
| 504 |
|
|
|a Bibliogr.: s. 293-296 ; register ; terminolog. slovníky
|
| 650 |
0 |
7 |
|a nebeská mechanika
|2 SNKPH
|9 4399
|
| 650 |
0 |
7 |
|a Celestial mechanics
|2 SNKPHeng
|9 353779
|
| 655 |
|
7 |
|a monografie
|2 SNKPH
|9 70139
|
| 655 |
|
7 |
|a Monographs
|2 SNKPHeng
|9 120675
|
| 852 |
|
|
|a Štátna vedecká knižnica v Banskej Bystrici
|
| 919 |
|
|
|a 978-80-224-1610-8
|
| 999 |
|
|
|c 598749
|d 600679
|
| 952 |
|
|
|a SNK
|b SNK
|y PREZ
|7 0
|p 17A1319742
|o snkSC 177944
|i snk2018/3025
|8 0
|0 0
|1 0
|4 0
|d 2018-02-01
|f 1
|l 0
|r 2025-09-19 00:00:00
|w 2026-02-23
|
| 952 |
|
|
|a SNK
|b SNK
|y VYP
|7 0
|p 17A1319743
|o snkSC 177944 D1
|i snk2018/3026
|8 0
|0 0
|1 0
|4 0
|d 2018-02-01
|l 0
|r 2026-02-23 15:47:02
|w 2026-02-23
|
| 952 |
|
|
|t snkNES 521.1
|a SNKUST
|b SNKUST
|y PREZ
|7 0
|p 17A1321603
|o snkSC 177944 D2
|i snk2018/7499
|8 3
|g 13.36
|0 0
|1 0
|4 0
|d 2018-03-29
|l 0
|r 2025-03-20 00:00:00
|w 2026-02-23
|